A 5 siglos del descubrimiento /
Otra visión sobre el Descubrimiento: la destrucción y el aniquilamiento de las culturas autóctonas.
Guardado en:
| Formato: | |
|---|---|
| Series: | Proyecto 5 Siglos
|
| Materias: | |
| Etiquetas: |
Agregar Etiqueta
Sin Etiquetas, Sea el primero en etiquetar este registro!
|
| LEADER | 00884ngm a22002655g 4500 | ||
|---|---|---|---|
| 001 | CEM.cems021411 | ||
| 008 | 130507b1992##################0###0#####d | ||
| 005 | 20240822172459.0 | ||
| 245 | 0 | 0 | |a A 5 siglos del descubrimiento / |
| 300 | |a 37 | ||
| 490 | 0 | |a Proyecto 5 Siglos | |
| 500 | |a En soporte VHS, consultar en ventanilla. | ||
| 520 | |a Otra visión sobre el Descubrimiento: la destrucción y el aniquilamiento de las culturas autóctonas. | ||
| 538 | |a Soporte: VHS - Norma: Pal N - Color - Grabación Drd 1992 - Hitachi=0000 | ||
| 082 | 9 | 8 | |/ GLE |
| 653 | |a AMERICA-HISTORIA | ||
| 653 | |a DESCUBRIMIENTOS | ||
| 653 | |a HISTORIA | ||
| 653 | |a CULTURAS | ||
| 653 | |a CRISTOBAL COLON | ||
| 653 | |a ABORIGENES | ||
| 653 | |a CULTURAS AUTOCTONAS | ||
| 653 | |a NIVEL PRIMARIO | ||
| 653 | |a NIVEL SECUNDARIO | ||
| 859 | |a CEMS |b BIB. CEMS - Depto. Recursos Didacticos |h 980 |i GLE |k DRD |p 54.12 |t Ej.1 | ||
